01333nam a2200229Ia 4500003000900000005001700009008004100026040003100067040001300098041000800111100003300119100001500152245012200167260003800289300001800327490002000345500002000365520058900385942001200974999001700986952010001003IT-RoPAU20220918175650.0120407s9999 xx 000 0 und d aIT-RoPAUc20140510094738.0 cIT-RoPAU aita aCruciani M. Cristina 924400 csr.916933 aStoria e teologia della messa in onore di Maria Regina degli ApostolibEstratto dalla tesi di Licenza in S. liturgia. c1988aRomabCasa Generalizia PDDM a105 p.c21 cm vVol. n. 7aPDDM aUso manoscritto aIndice Presentazione Introduzione Abbreviazione e sigle Capitolo I - Introduzione storica Capitolo II - Il formulario della Messa in onore di Maria Regina degli Apostoli: testo del 1980 1. L'eucologia 2. Testi biblici 3. Canti 4. Testi intermedi: 1915 - 1943 Capitolo III - Il formulario della Messa in onore di Maria Regina degli Apostoli in uso presso la Famiglia Paolina. Testo del 1973 - 1983 1. L'eucologia 2. Liturgia della Parola 3. Canti Conclusione Note Appendici Documenti iconografici Maria Vergine Regina degli Apostoli - Breve commento al nuovo formulario della Messa  cBK2ddc c24171d24171 00102ddc406P_D571aPAULUSbPAULUSd2012-04-11l0oP D5r2012-04-11 00:00:00w2012-04-11yBK